00335nam a2200121Ia 4500008004100000020001400041050001500055100002200070245004300092260004100135300002400176650001300200150202s9999 xx 000 0 und d a373059213 aFIC bFIC  aMoreland, Peggy . aMiss Lizzy's legacy /cPeggy Moreland. aNew York :bSilhouette Books,c1995. a184 pages :c18 cm. aFiction.